000 00531nam a2200181Ia 4500
003 OSt
005 20200708144154.0
008 190216s9999||||xx |||||||||||||| ||und||
020 _a8187853522
040 _coclc
082 _a956.7044092
_bHUS/E
100 _aHussein, Saddam
_93653
245 0 _aThe Enigma That is Saddam Hussein /
_cSaddam Hussein
260 _bEnglish Edition Publishers,
_aMumbai:
300 _a105p
650 _aHistory
942 _cBK
_2ddc
_h956.7044092
_iHUS/E
_k956.7044092
_mHUS/E
999 _c20836
_d20836